Born in Reading - Statistics

General Stats
  • This quiz has been taken 10 times
  • The average score is 6 of 9
Answer Stats
Hint Answer % Correct
Princess of Wales and wife of Prince William since 2011 1982 Catherine Middleton
100%
Actress, "Titanic" "The Reader" "Eternal Sunshine of the Spotless Mind" 1975 Kate Winslet
100%
Comedian, actor and writer, "The Office" "After Life" "Extras" "An Idiot Abroad" 1961 Ricky Gervais
90%
Host of "Who Wants to Be a Millionaire?" from 1998 to 2014 1946 Chris Tarrant
80%
Director, "Spectre" "American Beauty" "1917" 1965 Sam Mendes
60%
Actress, best known for her role as Margaery Tyrell in "Game of Thrones" 1982 Natalie Dormer
50%
Footballer who plays for Chelsea and the English women's national team 1993 Fran Kirby
40%
Physicist and discoverer of the hyperon and meson types of particles 1922 Clifford Charles Butler
30%
Actress, "Nanny McPhee" "Inkheart" "Sweet/Vicious" 1992 Eliza Bennett
30%
No matching quizzes found
Score Distribution
Percent of People with Each Score
Percentile by Number Answered
Your Score History
You have not taken this quiz